000 00465nam a22001697a 4500
005 20251108172924.0
008 250721s9999 xx 000 0 ara d
082 1 4 _aط/811.06/زرز
100 1 _aزرزور، احمد
_ecomp.
245 1 0 _aجنة الاطفال /
264 1 _aالقاهرة :
_bشركة سفير،
300 _a15/ص
490 0 _aالاغاني و الاناشيد
_v12
650 1 7 _aالاطفال
942 _2ddc
_cBK
999 _c91888
_d91888